Laporan Projek FSGT(Ijazah Bacelor Sains Perikanan)1998.

Main Author: Norlela Noordin
Published: Terengganu: Universiti Putra Malaysia Terengganu, 1998.
LEADER 00707cam a2200169 7i4500
001 0000134977
005 20080302090000.0
002 0000000040
090 0 0 |a LP 25 FSGT 1 1998  
100 1 # |a Norlela Noordin  
235 0 0 |a Kesan saliniti dan suhu terhadap kemandirian Udang Galah, Macrobrachium rosenbergii   |c Norlela Noordin. 
245 0 0 |a Laporan Projek FSGT(Ijazah Bacelor Sains Perikanan)1998. 
260 # # |a Terengganu:   |b Universiti Putra Malaysia Terengganu,   |c 1998. 
300 |a xv, 87 p.:   |b ill.;   |c 30 cm.. 
502 # # |a Kemandirian Macrobrachium rosenbergii dari peringkat larva pertama hingga menjadi pasca larva...[et al.] 
602 # # |a Laporan Projek FSGT 1998 
999 |a 1100024084  |b Book  |c Koleksi Arkib  |e BILIK ARKIB